|
|
|
|
| LEADER |
00000nam0a2200000 4500 |
| 001 |
303867 |
| 005 |
20231102001639.0 |
| 035 |
|
|
|a (RuTPU)RU\TPU\book\329102
|
| 090 |
|
|
|a 303867
|
| 100 |
|
|
|a 20150907d1967 k y0rusy50 ca
|
| 101 |
0 |
|
|a rus
|
| 102 |
|
|
|a RU
|
| 105 |
|
|
|a a z 001zy
|
| 200 |
1 |
|
|a Проблемы электрометрии
|f Академия наук СССР (АН СССР), Сибирское отделение (СО), Институт автоматики и электрометрии (ИАиЭ) ; под ред. М. П. Цапенко
|
| 210 |
|
|
|a Новосибирск
|c Наука, Сибирское отделение
|d 1967
|
| 215 |
|
|
|a 268 с.
|c ил.
|
| 320 |
|
|
|a Библиография в конце статей
|
| 606 |
1 |
|
|a Электрометрия
|2 stltpush
|3 (RuTPU)RU\TPU\subj\20249
|9 45362
|
| 610 |
1 |
|
|a электрические измерения
|
| 610 |
1 |
|
|a электрические измерительные цепи
|
| 610 |
1 |
|
|a измерительная аппаратура
|
| 610 |
1 |
|
|a статистические методы
|
| 610 |
1 |
|
|a бионические методы
|
| 610 |
1 |
|
|a цифровые электроизмерительные приборы
|
| 675 |
|
|
|a 621.317.3
|v 3
|
| 702 |
|
1 |
|a Цапенко
|b М. П.
|4 340
|
| 712 |
0 |
2 |
|a Академия наук СССР (АН СССР)
|b Сибирское отделение (СО)
|b Институт автоматики и электрометрии (ИАиЭ)
|c (Новосибирск)
|2 stltpush
|3 (RuTPU)RU\TPU\col\14705
|
| 801 |
|
1 |
|a RU
|b 63413507
|c 20150907
|
| 801 |
|
2 |
|a RU
|b 63413507
|c 20220721
|g RCR
|
| 942 |
|
|
|c BK
|